000 00701cam a2200229 4500
001 J98591
008 090401t2000 xxu||||| |||| 00| 0 eng d
035 _a(Sirsi) u93318
041 _aeng
110 _aCluttons Daniel Smith
_93567
245 4 _aThe London view : the Cluttons Daniel Smith Central London residential property commentary. - Spring 1999 to Winter 1999/2000
260 _bCluttons Daniel Smith
_c1999/2000
300 _a1 pt. ; 30cm.
350 _a0
650 _aHOUSE PRICES
650 _aLONDON
650 _aRESIDENTIAL MARKET
650 _aRESIDENTIAL RENTS
690 _aPROPERTY-RESIDENTIAL PROPERTY-RESIDENTIAL PROPERTY MARKET
942 _n0
948 _c13/05/1999
999 _c97827
_d97827